000 00424nam a2200157Ia 4500
008 210716s2009 xx 000 0 und d
020 _a9788131510162
041 _aeng
082 _a658.8 IACD
100 _aIacobucci, Dawn; Kapoor, Avinash.
245 _aMM: south asian perspective.
_bSouth asian perspective.
250 _a1
260 _aNew Delhi
_bCengage Learning
_c2009
300 _ax,270
650 _aMarketing
999 _c206745
_d206745